00646nam a2200181 a 450000100060000000300090000600800410001502000150005604000280007108200170009910000390011624500400015526000400019530000110023550501440024665000610039065000130045115010CO-ViMGA141112s2004 ck r 000 u spa d a9589176046 aCO-ViMGAbspacCO-ViMGA04a309.186 F6761 aPontificia Universidad Javeriana, 10aColombia : bUna vision prospectiva aBtá, cUniversidad Javeriana 1992 a530.p. aPolítica Economía Problemas sociales Medio ambiente Ciencia y tecnología Infraestructura Educación y Cultura Iglesia, fe y justicia14aFORO REALIZADO EN Bogotá DEL 18 AL 21 DE MARZO DE 199114aMEMORIAS